Ciencias naturales 1: interacción, diversidad y transformaciones en los materiales, la energía, los movimientos, el universo y los seres vivo /
Guardado en:
| Autor Principal: | |
|---|---|
| Formato: | Libro |
| Publicado: |
Buenos Aires :
Puerto de Palos,
2013
|
| Series: | Activados
|
| Materias: | |
| Etiquetas: |
Agregar Etiqueta
Sin Etiquetas, Sea el primero en etiquetar este registro!
|
| LEADER | 02157nam a22003975a 4500 | ||
|---|---|---|---|
| 001 | CEM.cems014441 | ||
| 005 | 20140716160120.0 | ||
| 008 | 130507s2013##################000#0#####d | ||
| 003 | CEMS | ||
| 020 | |a 9789875745816 | ||
| 082 | 0 | 4 | |a Z570 |
| 100 | 1 | |a Frid, Débora Judith | |
| 245 | 1 | 0 | |a Ciencias naturales 1: interacción, diversidad y transformaciones en los materiales, la energía, los movimientos, el universo y los seres vivo / |c Débora Judith Frid ... y Otros |
| 260 | |a Buenos Aires : |b Puerto de Palos, |c 2013 | ||
| 300 | |a 240 p. | ||
| 490 | 0 | |a Activados | |
| 500 | |a Incluye anexo Caza Ciencias | ||
| 505 | 0 | |a La materia y sus propiedades -- Las mezclas -- El agua -- La energía: diversidad y cambio -- Intercambios de energía -- Los movimientos -- Los objetos del sistema solar y sus movimientos -- La vida: unidad y diversidad -- La nutrición en los seres vivos -- La nutrición en los ecosistemas -- La reproducción y la relación en los seres vivos -- El cuerpo humano como sistema -- La nutrición humana -- La alimentación y la salud -- La reproducción y el desarrollo en el ser humano | |
| 653 | |a Ciencias naturales | ||
| 653 | |a Materia | ||
| 653 | |a Agua | ||
| 653 | |a Energía | ||
| 653 | |a Diversidad | ||
| 653 | |a Ecosistemas | ||
| 653 | |a Seres vivos | ||
| 859 | |a CEMS |b BIB. CEMS - 11 de abril |h Z570 |i F912 |p 26999.14 |t Ej.1 |v I |3 I | ||
| 859 | |a CEMS |b BIB. CEMS - 11 de abril |h Z570 |i F912 |p 27029.14 |t Ej.2 |v I |3 I | ||
| 859 | |a CEMS |b BIB. CEMS - 11 de abril |h Z570 |i F912 |p 27030.14 |t Ej.3 |v I |3 I | ||
| 859 | |a CEMS |b BIB. CEMS - 11 de abril |h Z570 |i F912 |p 27099.14 |t Ej.4 |v I |3 I | ||
| 859 | |a CEMS |b BIB. CEMS - 11 de abril |h Z570 |i F912 |p 27156.15 |t Ej.5 |v I |3 I | ||
| 859 | |a CEMS |b BIB. CEMS - 11 de abril |h Z570 |i F912 |p 27643.18 |t Ej.6 |v I |3 I | ||
| 859 | |a CEMS |b BIB. CEMS - 11 de abril |h Z570 |i F912 |p 27644.18 |t Ej.7 |v I |3 I | ||
| 859 | |a CEMS |b BIB. CEMS - 11 de abril |h Z570 |i F912 |p 27645.18 |t Ej.8 |v I |3 I | ||
| 859 | |a CEMS |b BIB. CEMS - 11 de abril |h Z570 |i F912 |p 27646.18 |t Ej.9 |v I |3 I | ||
| 859 | |a CEMS |b BIB. CEMS - 11 de abril |h Z570 |i F912 |p 27647.18 |t Ej.10 |v I |3 I | ||
| 859 | |a CEMS |b BIB. CEMS - 11 de abril |h Z570 |i F912 |p 27648.18 |t Ej.11 |v I |3 I | ||
